000 00715nam a2200217Ii 4500
001 5151
003 CO-ViMGA
008 241108s9999||||xx |||||||||||||| ||und||
020 _a9586121038
040 _aCO-ViMGA
_bspa
_erda
_cCO-ViMGA
041 0 _aunk
082 0 4 _a780.43861 I59m
110 1 _aInstituto Colombiano de Cultura,
_916266
245 1 0 _aMúsica colombiana :
_bLa canción culta
264 1 _a[Lugar de publicación no identificado] : Instituto Colombiana de Cultura, [Fecha de publicación no identificada]
300 _avolumen
336 _atext
_btxt
_2rdacontent
337 _aunmediated
_bn
_2rdamedia
338 _avolume
_bnc
_2rdacarrier
940 _aidficha_siabuc: 5019. -- ficha_no_siabuc:5151
999 _c55874
_d55874